| 000 | 01063nam a22003135a 4500 | ||
|---|---|---|---|
| 999 |
_c20839 _d20811 |
||
| 003 | EG-ScBUE | ||
| 005 | 20210130092931.0 | ||
| 008 | 150902t2011 nyu f 000 f eng d | ||
| 020 | _a9780061962790 | ||
| 040 |
_aEG-ScBUE _beng _erda _cEG-ScBUE _dEG-ScBUE |
||
| 082 | 0 | 4 |
_a813.6 _bLAI _222 |
| 100 | 1 |
_aLai, Thanhha, _eauthor. _938872 |
|
| 245 | 1 | 0 |
_aInside out & back again / _cThanhha Lai. |
| 246 | 3 | _aInside out and back again | |
| 264 | 1 |
_aNew York, NY : _bHarper Collins Publishers, _c[2011] |
|
| 264 | 4 | _cc2011 | |
| 300 |
_a262 pages : _c20 cm |
||
| 336 |
_2rdacontent _atext _btxt |
||
| 337 |
_2rdamedia _aunmediated _bn |
||
| 338 |
_2rdacarrier _avolume _bnc |
||
| 650 | 7 |
_aVietnamese Americans _vJuvenile fiction. _2BUEsh _913042 |
|
| 650 | 7 |
_aNovels in verse _vJuvenile fiction. _2BUEsh |
|
| 650 | 7 |
_aEmigration and immigration _vJuvenile fiction. _2BUEsh |
|
| 650 | 7 |
_aVietnamese Americans _vJuvenile fiction. _2BUEsh _913042 |
|
| 651 | _2BUEsh | ||
| 653 |
_cSeptember2015 _cDecember2015 _bHHUUEENN |
||
| 655 |
_vReading book _934232 |
||
| 942 |
_2ddc _cBB |
||